Comedias

محفوظ في:
التفاصيل البيبلوغرافية
المؤلف الرئيسي: Vega, Lope de (مؤلف)
التنسيق: كتاب
اللغة:الإسبانية
منشور في: Madrid Espasa Calpe 1946
سلاسل:Clásicos Castellanos
الموضوعات:
الوسوم: إضافة وسم
لا توجد وسوم, كن أول من يضع وسما على هذه التسجيلة!

MARC

LEADER 00000nam a2200000 a 4500
001 UCX5225
003 CL-VaPUC
008 921008e19460000SP |||||||||||||||||spa|d
082 0 4 |a 862  |b VEG  |2 21 
100 0 |a Vega, Lope de  |e author  |9 319628 
245 1 0 |a Comedias 
300 |a v 
942 |c BK 
945 |d 19921008 00:00:00 
260 |a Madrid  |b Espasa Calpe  |c 1946 
650 0 |a Dramas españoles  |9 267081 
650 7 |a COMEDIAS ESPAÑOLAS  |2 CL-VaPUC  |9 321493 
583 |a last modification  |c 19921008 00:00:00  |k Rodrigo Vera 
490 0 |a Clásicos Castellanos 
999 |c 225522  |d 225520 
952 |0 0  |1 0  |4 0  |6 862_000000000000000_VEG_1946  |7 0  |8 A  |9 223099  |a FDOPOS  |b FDOPOS  |d 2019-11-15  |h v.1  |i 2919478  |o 862 VEG 1946  |p 2919478  |r 2025-01-22  |w 2019-11-15  |y BK  |k MLH